| 000 | 00502nam a2200133Ia 4500 | ||
|---|---|---|---|
| 008 | 170516s9999 xx 000 0 und d | ||
| 245 | _aCT characteristics of non-small cell lung cancer with epidermal growth factor receptor mutation: a systematic review and meta-analysis | ||
| 260 | _bBMC Medical Imaging | ||
| 260 | _c2017 | ||
| 300 | _a17: | ||
| 650 | _xMedical Technology | ||
| 650 | _xMedtech | ||
| 856 | _uhttp://bmcmedimaging.biomedcentral.com/articles?query=&volume=17&searchType=&tab=keyword | ||
| 999 |
_c330147 _d330147 |
||